| 000 | 00635nam a2200205 i 4500 | ||
|---|---|---|---|
| 001 | 86504 | ||
| 003 | ES-MaACL | ||
| 005 | 20230906175448.0 | ||
| 007 | t| | ||
| 008 | 041213s1977 sp ||||1| spa d | ||
| 100 | 1 |
_aKatz, David. _967631 |
|
| 245 | 1 | 0 |
_aManual de Psicología / _cD. y R. Katz ; versión, Agustín Serrate, Alfredo Guera Mirallesno Yela]. |
| 250 | _a[3ª ed.]. | ||
| 260 |
_aMadrid : _bMorata, _c[1977] |
||
| 300 |
_a718 p. : _bil. ; _c25 cm. |
||
| 700 | 1 |
_aKatz, Rosa. _967634 |
|
| 700 | 1 |
_aSerrate Torrente, Agustín. _9105823 |
|
| 700 | 1 |
_aGuera Miralles, Alfredo. _960449 |
|
| 852 |
_aES-MaACL _jA-6659 _bR.95589 |
||
| 999 |
_c86504 _d86504 |
||